00477 2200193 4500245004300000020002200043250001100065100001700076700001100093700002300104650001700127005001900144260004100163041001400204084001300218300003200231336000900263338001100272 aGeobreeders Vol. 5cIto, AkihirohText a978-979-27-2753-1 aCet. 1 aIto, Akihiro aNining aNinuk Sulistyawati aKomik Jepang a20230203134407 aJakartabElex Media Komputindoc2008 aIndonesia a741.5592 a... jil. :bilus. ;c17 cm. atext avolume